| 000 | 00520nam a2200217Ia 4500 | ||
|---|---|---|---|
| 003 | lex-0005 | ||
| 005 | 20170731104146.0 | ||
| 008 | 170705s9999 xx 000 0 und d | ||
| 020 | _a9780531268278 | ||
| 245 | _aJoshua James likes trucks / | ||
| 245 | _cCatherine Petrie. | ||
| 260 | _aNew York : | ||
| 260 | _bChildren's Press, | ||
| 260 | _c2012 | ||
| 300 | _a32 pages : | ||
| 300 | _bcolor illustration ; | ||
| 300 | _c18cm. | ||
| 440 | _aRookie ready to learn. | ||
| 500 | _aBR | ||
| 942 |
_2ddc _cLEX |
||
| 999 |
_c335263 _d335263 |
||